Misiones peruanas 1820-1826 / (Record no. 8314)

000 -CABECERA
fixed length control field 01104nam a22002297a 4500
003 - IDENTIFICADOR DEL NÚMERO DE CONTROL
control field AR-CdUCM
008 - DATOS DE LONGITUD FIJA--INFORMACIÓN GENERAL
fixed length control field 190322b ||||| |||| 00| 0 spa d
040 ## - FUENTE DE LA CATALOGACIÓN
Agencia/entidad que catalogó originalmente la obra MUNICIPALIDAD PROVINCIAL DEL CUSCO
Entidad que transcribió la catalogación BIBLIOTECA MUNICIPAL DEL CUSCO
082 ## - NÚMERO DE LA CLASIFICACIÓN DECIMAL DEWEY
No. de Clasificación 985.008 /
Notacion interna C73
100 ## - ENTRADA PRINCIPAL--NOMBRE DE PERSONA
Nombre Personal Comisión nacional de sesquicentenario de la independencia del Perú
245 ## - MENCIÓN DE TÍTULO
Título Misiones peruanas 1820-1826 /
260 ## - PUBLICACIÓN, DISTRIBUCIÓN, ETC.
Lugar de publicación, distribución, etc. Lima :
Nombre de la editorial, distribuidor, etc. Comisión nacional de sesquicentenario de la independencia del Perú,
Fecha de publicación, distribución, etc. 1975.
300 ## - DESCRIPCIÓN FÍSICA
Nº de Páginas Extensión 3 volúmenes ;
Dimensiones 24 cm.
440 ## - MENCIÓN DE SERIE/PUNTO DE ACCESO ADICIONAL--TÍTULO
Título Colección documental de la independencia del Perú.
9 (RLIN) 21856
505 ## - NOTA DE CONTENIDO CON FORMATO
Nota de contenido formateada Contenido: V.1: Las primeras misiones diplomáticas en América -- V.2: Misión García del Río-Paroissien -- V.3: Relaciones diplomáticas con Gran Bretaña.
650 ## - PUNTO DE ACCESO ADICIONAL DE MATERIA--TÉRMINO DE MATERIA
Descriptor V.1 Las primeras misiones diplomáticas en América
9 (RLIN) 23359
650 ## - PUNTO DE ACCESO ADICIONAL DE MATERIA--TÉRMINO DE MATERIA
Descriptor V.2 Misión García del Río-Paroissien
9 (RLIN) 23360
650 ## - PUNTO DE ACCESO ADICIONAL DE MATERIA--TÉRMINO DE MATERIA
Descriptor V.3 Relaciones diplomáticas con Gran Bretaña
9 (RLIN) 23361
700 ## - PUNTO DE ACCESO ADICIONAL--NOMBRE DE PERSONA
Nombre Personal Ortiz de Zevallos, Carlos (recopilación y prólogo)
9 (RLIN) 23362
942 ## - ELEMENTOS DE PUNTO DE ACCESO ADICIONAL (KOHA)
Fuente de clasificación
Tipo de item Libros-BMC
945 ## - PROCESAMIENTO DE INFORMACIÓN LOCAL (OCLC)
Catalogador davv
Holdings
Estado de retiro (separado) Fuente de clasificación o esquema de estanterías Estado dañado Ubicación Sala donde se ubica Nombre de la colección Fecha de adquisición o compra Costo, precio normal en soles Signatura topográfica Código de Barras Última vez visto (Koha) Tipo de ítem (Koha) Número de Ejemplar
No     Sala Humanidades Sala Humanidades Reference 2019-03-22 100.00 985.008 / C73 / t.11 / v.1 SH0000009033 2019-03-22 Libros-BMC  
No     Sala Humanidades Sala Humanidades Reference 2019-03-22 100.00 985.008 / C73 / t.11 / v.2 SH0000009034 2019-03-22 Libros-BMC  
No     Sala Humanidades Sala Humanidades Reference 2019-03-22 100.00 985.008 / C73 / t.11 / v.3 SH0000009035 2019-03-22 Libros-BMC  
No     Sala Humanidades Sala Humanidades Reference 2019-03-22 100.00 985.008 / C73 / t.11 / v.1 / e.2 SH0000009036 2019-03-22 Libros-BMC e.2
No     Sala Humanidades Sala Humanidades Reference 2019-03-22 100.00 985.008 / C73 / t.11 / v.1 / e.3 SH0000009037 2019-03-22 Libros-BMC e.3
No     Sala Humanidades Sala Humanidades Reference 2019-03-22 100.00 985.008 / C73 / t.11 / v.2 / e.2 SH0000009038 2019-03-22 Libros-BMC e.2
No     Sala Humanidades Sala Humanidades Reference 2019-03-22 100.00 985.008 / C73 / t.11 / v.2 / e.3 SH0000009039 2019-03-22 Libros-BMC e.3
No     Sala Humanidades Sala Humanidades Reference 2019-03-22 100.00 985.008 / C73 / t.11 / v.3 / e.2 SH0000009040 2019-03-22 Libros-BMC e.2
No     Sala Humanidades Sala Humanidades Reference 2019-03-22 100.00 985.008 / C73 / t.11 / v.3 / e.3 SH0000009041 2019-03-22 Libros-BMC e.3

Powered by Koha